| 000 | 01406nam a2200349 a 4500 | ||
|---|---|---|---|
| 001 | ebr10532058 | ||
| 003 | CaPaEBR | ||
| 006 | m u | ||
| 007 | cr cn||||||||| | ||
| 008 | 120310s2012 enka s 001 0 eng d | ||
| 020 | _z9781849511308 | ||
| 020 | _z9781849511315 (e-book) | ||
| 040 |
_aCaPaEBR _cCaPaEBR |
||
| 035 | _a(OCoLC)785780885 | ||
| 050 | 1 | 4 |
_aQA76.76.A65 _bE44 2012eb |
| 100 | 1 | _aCostello, Cash. | |
| 245 | 1 | 0 |
_aElgg 1.8 social networking _h[electronic resource] : _bcreate, customize, and deploy your very own social networking site with Elgg / _cCash Costello, Mayank Sharma. |
| 250 | _a2nd ed. | ||
| 260 |
_aBirmingham, U.K. : _bPackt Pub., _c2012. |
||
| 300 |
_axiii, 354 p. : _bcol. ill. |
||
| 490 | 1 | _aOpen source : community experience distilled | |
| 500 | _aIncludes index. | ||
| 533 |
_aElectronic reproduction. _bPalo Alto, Calif. : _cebrary, _d2011. _nAvailable via World Wide Web. _nAccess may be limited to ebrary affiliated libraries. |
||
| 650 | 0 |
_aApplication software _xDevelopment. |
|
| 650 | 0 |
_aOnline social networks _xDevelopment. |
|
| 650 | 0 | _aOpen source software. | |
| 655 | 7 |
_aElectronic books. _2local |
|
| 700 | 1 | _aSharma, Mayank. | |
| 710 | 2 | _aebrary, Inc. | |
| 830 | 0 | _aCommunity experience distilled. | |
| 856 | 4 | 0 |
_uhttp://site.ebrary.com/lib/rucke/Doc?id=10532058 _zAn electronic book accessible through the World Wide Web; click to view |
| 999 |
_c234503 _d234503 |
||